| 000 | 00918nam a22002417a 4500 | ||
|---|---|---|---|
| 999 |
_c13389 _d13389 |
||
| 003 | AR-CdUCM | ||
| 008 | 190415b ||||| |||| 00| 0 spa d | ||
| 040 |
_aMUNICIPALIDAD PROVINCIAL DEL CUSCO _cBIBLIOTECA MUNICIPAL DEL CUSCO |
||
| 082 |
_aC / 346 / _bH71 |
||
| 100 |
_aHolgado Valer, Enrique _931528 |
||
| 245 | _aDerecho civil / | ||
| 260 |
_aCuzco : _bUNSAAC, |
||
| 300 |
_a76 páginas ; _c21.5 cm. |
||
| 500 | _aDedicatoria | ||
| 505 | _aContenido: Disposiciones generales del titulo preliminar del código civil peruano-- Principios del abuso del derecho -- De las relaciones personales de los cónyuges y el régimen de sus bienes ... | ||
| 650 |
_aDerecho civil _97386 |
||
| 650 |
_aCódigo civil _928051 |
||
| 650 |
_aCónyuges _98381 |
||
| 650 |
_aHistoria jurídica _931798 |
||
| 710 |
_aUniversidad Nacional de San Antonio Abad del Cusco _915942 |
||
| 942 |
_2ddc _cLIBROS |
||
| 945 |
_aacv _d2019-04-15 |
||